000 00705nam a22002417a 4500
001 30638
003 UA-OsUOA
005 20220527135321.0
007 ta
008 20041111b un ||||| |||| 00| 0 ukr d
020 _a5-280-03236-0
040 _aUA-OsUOA
_brus
_cUA-OsUOA
_dUA-OsUOA
041 _arus
044 _aRU
080 _a821.161.1
090 _a821.161.1
_bС48
245 _aСлово о полку Игореве: переводы и коментарии
_cвступ. статья Д. Лтхачев
260 _aМосква
_bХудожественная литература
_c1999
300 _a224 с.
_bІлюстрації
650 7 _2UDC
942 _cBK
_2udc
955 _a0
999 _c317051
_d317051